[Event "Magdeburg op-B"]
[Site "Magdeburg"]
[Date "2014.06.14"]
[Round "9"]
[White "Adelmeyer, Matti"]
[Black "Hoang, Viet Long"]
[Result "0-1"]
[WhiteElo "1316"]
[BlackElo "1459"]
[PlyCount "68"]
[EventDate "2014.06.08"]
[EventType "swiss"]
[EventRounds "9"]
[EventCountry "GER"]
[SourceTitle "CBM 160 Extra"]
[Source "ChessBase"]
[SourceDate "2014.07.01"]
[SourceVersion "1"]
[SourceVersionDate "2014.07.01"]
[SourceQuality "1"]

1. e4 e5 2. Nf3 Nc6 3. d4 exd4 4. Nxd4 Bc5 5. Be3 Qf6 6. c3 Nge7 7. Bc4 d6 8. 0-0 Ne5 9. Nd2 Qg6 10. N4f3 Nxc4 11. Nxc4 Bxe3 12. fxe3 Qxe4 13. Nfd2 Qg6 14. Qf3 0-0 15. e4 Bg4 16. Qf2 f5 17. Qh4 Qe6 18. Ne3 Ng6 19. Qg3 Ne5 20. h3 Ng6 21. Nxg4 fxg4 22. Qxg4 Qxg4 23. hxg4 Ne5 24. g5 Rxf1+ 25. Rxf1 Rf8 26. Nf3 Nxf3+ 27. gxf3 Re8 28. Kg2 Re5 29. f4 Rxe4 30. Rf2 Kf7 31. Kf3 d5 32. b3 Ke6 33. c4 Kf5 34. Kg3 dxc4 0-1

[Event "GER-chT U14"]
[Site "Magdeburg"]
[Date "2012.12.28"]
[Round "3.4"]
[White "Hlopotov, Nikita"]
[Black "Hoang, Viet Long"]
[Result "1-0"]
[WhiteElo "1314"]
[BlackElo "1438"]
[PlyCount "77"]
[EventDate "2012.12.27"]
[EventType "team-swiss"]
[EventRounds "7"]
[EventCountry "GER"]
[SourceTitle "EXT 2014"]
[Source "ChessBase"]
[SourceDate "2013.11.20"]
[SourceVersion "1"]
[SourceVersionDate "2013.11.20"]
[SourceQuality "1"]
[WhiteTeam "Brackel"]
[BlackTeam "Magdeburg USC"]
[WhiteTeamCountry "GER"]
[BlackTeamCountry "GER"]

1. e4 e5 2. Nf3 Nc6 3. Bc4 Nf6 4. Ng5 d5 5. exd5 Na5 6. d3 Be7 7. h3 0-0 8. 0-0 h6 9. Nf3 Bd6 10. Nc3 Re8 11. Bd2 Bf5 12. Nh4 Bh7 13. Nf3 Qe7 14. Re1 Nxc4 15. dxc4 e4 16. Nh2 Bf5 17. Nb5 Bxh2+ 18. Kxh2 c6 19. dxc6 bxc6 20. Nc3 Rad8 21. Kg1 Qc5 22. Qe2 Be6 23. b3 Qf5 24. Rad1 Bc8 25. Be3 Rxd1 26. Rxd1 Qg6 27. Kh1 Nh5 28. Qd2 Qf6 29. Qd4 a6 30. Nxe4 Qxd4 31. Rxd4 Bf5 32. Nd6 Re5 33. Nxf5 Rxf5 34. g4 Ra5 35. gxh5 Rxa2 36. Rd2 Kf8 37. Kg2 a5 38. c3 Ra3 39. Bc5+ 1-0

[Event "GER-chT North U14"]
[Site "Magdeburg"]
[Date "2012.09.08"]
[Round "5.4"]
[White "Karlisch, Moritz"]
[Black "Hoang, Viet Long"]
[Result "0-1"]
[WhiteElo "1327"]
[BlackElo "1312"]
[PlyCount "94"]
[EventDate "2012.09.06"]
[EventType "team-swiss"]
[EventRounds "7"]
[EventCountry "GER"]
[SourceTitle "EXT 2015"]
[Source "ChessBase"]
[SourceDate "2014.11.20"]
[SourceVersion "1"]
[SourceVersionDate "2014.11.20"]
[SourceQuality "1"]
[WhiteTeam "Kiel Doppelbauer"]
[BlackTeam "Magdeburg USC"]
[WhiteTeamCountry "GER"]
[BlackTeamCountry "GER"]

1. e4 e5 2. Nf3 Nc6 3. d4 exd4 4. Nxd4 Bc5 5. Be3 Bb6 6. g3 Nf6 7. Bg2 0-0 8. 0-0 Re8 9. Nxc6 bxc6 10. Bxb6 axb6 11. Re1 Ra5 12. Nc3 d6 13. Qd2 Bd7 14. Rad1 Qc8 15. f4 Bg4 16. Ra1 Bh3 17. Qf2 Rh5 18. Bf3 Bg4 19. Bg2 Bd7 20. Bf3 Bg4 21. Bg2 Rh6 22. Bf3 Bxf3 23. Qxf3 Qh3 24. Re2 Ng4 25. Qg2 Qh5 26. Rae1 Qc5+ 27. Kf1 Nxh2+ 28. Qxh2 Rxh2 29. Rxh2 Qc4+ 30. Kf2 d5 31. Kf3 dxe4+ 32. Nxe4 Qd5 33. Rd2 Qh5+ 34. Kf2 f5 35. Ng5 Rxe1 36. Kxe1 Kf8 37. Ne6+ Ke7 38. Re2 Qh1+ 39. Kf2 Kd6 40. Nxg7 Kd7 41. Nxf5 Qh2+ 42. Kf3 Qh5+ 43. g4 Qh1+ 44. Kg3 h5 45. gxh5 Qxh5 46. Re7+ Kd8 47. Re8+ Qxe8 0-1